[Event "Sao Jose dos Campos op"]
[Site "Sao Jose dos Campos"]
[Date "2022.09.11"]
[Round "7"]
[White "Silva, Gabryel Lunardi Car"]
[Black "Braga, Marcelo Melem"]
[Result "0-1"]
[WhiteElo "1800"]
[BlackElo "1476"]
[PlyCount "54"]
[EventDate "2022.09.08"]
[EventType "swiss"]
[EventRounds "7"]
[EventCountry "BRA"]
[SourceTitle "CBM 210 Extra"]
[Source "ChessBase"]
[SourceDate "2022.11.30"]
[SourceVersion "1"]
[SourceVersionDate "2022.11.30"]
[SourceQuality "1"]

1. e4 c6 2. d4 d5 3. Nd2 dxe4 4. Nxe4 Bf5 5. Ng3 Bg6 6. Nf3 Nd7 7. h4 h6 8. h5 Bh7 9. Bd3 Bxd3 10. Qxd3 e6 11. Bd2 Ngf6 12. 0-0-0 Qb6 13. Rhe1 Bd6 14. c4 Bxg3 15. fxg3 Nxh5 16. d5 cxd5 17. cxd5 Nc5 18. Qc4 0-0 19. g4 exd5 20. Qxd5 Nf6 21. Qc4 Rac8 22. Kb1 Nce4 23. Qe2 Rfe8 24. Be3 Nc3+ 25. Ka1 Nxd1 26. Rxd1 Qxe3 27. Qf1 Nxg4 0-1

[Event "Sao Jose dos Campos op"]
[Site "Sao Jose dos Campos"]
[Date "2022.09.08"]
[Round "1"]
[White "Miquelin, Nicolas Seoane"]
[Black "Braga, Marcelo Melem"]
[Result "1-0"]
[WhiteElo "2062"]
[BlackElo "1476"]
[PlyCount "47"]
[EventDate "2022.09.08"]
[EventType "swiss"]
[EventRounds "7"]
[EventCountry "BRA"]
[SourceTitle "CBM 210 Extra"]
[Source "ChessBase"]
[SourceDate "2022.11.30"]
[SourceVersion "1"]
[SourceVersionDate "2022.11.30"]
[SourceQuality "1"]

1. Nf3 d5 2. g3 c5 3. Bg2 Nc6 4. d4 cxd4 5. Nxd4 e5 6. Nxc6 bxc6 7. c4 Be6 8. Nc3 Bb4 9. Qa4 Bxc3+ 10. bxc3 Qd7 11. 0-0 h6 12. Rd1 Ne7 13. Ba3 Rc8 14. e4 d4 15. cxd4 exd4 16. Bc5 0-0 17. f4 f6 18. Rxd4 Qb7 19. f5 Bf7 20. Rad1 Rfe8 21. g4 Kf8 22. Qa3 Rc7 23. h4 Qb8 24. Bd6 1-0

[Event "BRA-ch Amateur U1600"]
[Site "Sao Paulo"]
[Date "2022.06.17"]
[Round "3"]
[White "Braga, Marcelo Melem"]
[Black "Kim, Andre"]
[Result "1-0"]
[WhiteElo "1519"]
[BlackElo "1132"]
[PlyCount "127"]
[EventDate "2022.06.16"]
[EventType "swiss"]
[EventRounds "7"]
[EventCountry "BRA"]
[SourceTitle "CBM 208 Extra"]
[Source "ChessBase"]
[SourceDate "2022.07.31"]
[SourceVersion "1"]
[SourceVersionDate "2022.07.31"]
[SourceQuality "1"]

1. d4 d5 2. c4 e6 3. cxd5 exd5 4. h3 Nf6 5. Bg5 Be7 6. Bxf6 Bxf6 7. e3 0-0 8. Nc3 Nc6 9. Nf3 Bf5 10. Qb3 Rb8 11. Qxd5 Bg6 12. Qxd8 Rbxd8 13. a3 Rfe8 14. Bb5 Bxd4 15. Bxc6 Bxc3+ 16. bxc3 bxc6 17. 0-0 c5 18. Rfd1 f6 19. Kf1 Bc2 20. Rxd8 Rxd8 21. Rc1 Ba4 22. g3 a6 23. Ke1 Rd3 24. Nd2 Rd8 25. Nf3 Rb8 26. Nd2 Bd7 27. h4 Be6 28. Rb1 Rxb1+ 29. Nxb1 Kf7 30. Nd2 f5 31. c4 Kf6 32. Ke2 h6 33. Kd3 g5 34. hxg5+ Kxg5 35. f3 h5 36. Nb3 Bd7 37. Nxc5 Bc6 38. Ke2 a5 39. Ne6+ Kf6 40. Nxc7 Ke5 41. Nb5 a4 42. Nd4 Bb7 43. Kd3 Ba6 44. Kc3 Bc8 45. Kb4 Bd7 46. Nb5 Bc6 47. Nd4 Bd7 48. Kc5 Be8 49. Kb6 f4 50. gxf4+ Kf6 51. c5 h4 52. c6 h3 53. Ne2 Bf7 54. Kb7 Bh5 55. c7 Bxf3+ 56. Kb8 Bxe2 57. c8Q Bf1 58. Qf8+ Ke6 59. Qe8+ Kf6 60. Qxa4 Bg2 61. Qd4+ Ke6 62. Qe5+ Kf7 63. Qh5+ Kf8 64. a4 1-0

[Event "BRA-ch Amateur U1600"]
[Site "Sao Paulo"]
[Date "2022.06.16"]
[Round "2"]
[White "Volpato, Alzir"]
[Black "Braga, Marcelo Melem"]
[Result "1/2-1/2"]
[WhiteElo "1803"]
[BlackElo "1519"]
[PlyCount "113"]
[EventDate "2022.06.16"]
[EventType "swiss"]
[EventRounds "7"]
[EventCountry "BRA"]
[SourceTitle "CBM 208 Extra"]
[Source "ChessBase"]
[SourceDate "2022.07.31"]
[SourceVersion "1"]
[SourceVersionDate "2022.07.31"]
[SourceQuality "1"]

1. e4 c6 2. d4 d5 3. exd5 cxd5 4. Bd3 Nc6 5. c3 h6 6. Nf3 Bg4 7. h3 Bxf3 8. Qxf3 e6 9. Bf4 Nf6 10. 0-0 Be7 11. Nd2 0-0 12. Rfe1 a6 13. g4 Nh7 14. Qg2 Bg5 15. Bxg5 Nxg5 16. f4 Nh7 17. Nf3 g5 18. f5 Re8 19. Re2 exf5 20. Bxf5 Rxe2 21. Qxe2 Qe7 22. Re1 Qxe2 23. Rxe2 Nf6 24. Kf2 Kf8 25. Ne5 Re8 26. Nxc6 bxc6 27. Rxe8+ Kxe8 28. Ke3 Ke7 29. a4 a5 30. b4 axb4 31. cxb4 Ne8 32. Bd3 Nc7 33. b5 cxb5 34. axb5 Na8 35. Kd2 Kd6 36. Kc3 Kc7 37. Kb4 Kb6 38. Bf5 Nc7 39. Bd7 Na8 40. Be8 Nc7 41. Bd7 Na8 42. Be8 f6 43. Bd7 Nc7 44. Bc6 Ne6 45. Bxd5 Nxd4 46. Bc6 Nxc6+ 47. bxc6 Kxc6 48. Kc4 Kd6 49. Kd4 Ke6 50. Ke4 Ke7 51. Ke3 Kf7 52. Kd4 Kg6 53. Ke4 h5 54. gxh5+ Kxh5 55. Kf5 Kh4 56. Kxf6 Kxh3 57. Kxg5 1/2-1/2

[Event "Jatai Goias op"]
[Site "Jatai"]
[Date "2021.08.08"]
[Round "5"]
[White "Do Amaral Vailant, Helena Ketheryne"]
[Black "Braga, Marcelo Melem"]
[Result "1-0"]
[WhiteElo "1411"]
[BlackElo "1552"]
[PlyCount "72"]
[EventDate "2021.08.06"]
[EventType "swiss"]
[EventRounds "6"]
[EventCountry "BRA"]
[SourceTitle "EXT 2022"]
[Source "ChessBase"]
[SourceDate "2021.10.06"]
[SourceVersion "1"]
[SourceVersionDate "2021.10.06"]
[SourceQuality "1"]

1. e4 c6 2. Nf3 d5 3. Nc3 dxe4 4. Nxe4 Bf5 5. Ng3 Bg4 6. h3 Bxf3 7. Qxf3 Nf6 8. Bc4 e6 9. 0-0 Nbd7 10. Re1 Bd6 11. Ne4 Nxe4 12. Qxe4 Nf6 13. Qf3 0-0 14. c3 Rc8 15. d3 h6 16. Bb3 Re8 17. Bc2 a5 18. g4 Nh7 19. d4 Ng5 20. Qd3 Qf6 21. Re3 Bf4 22. Re2 Bxc1 23. Rxc1 Qf3 24. Qxf3 Nxf3+ 25. Kg2 Ng5 26. Rce1 Nh7 27. Kg3 Nf6 28. h4 c5 29. g5 hxg5 30. hxg5 Nd5 31. g6 cxd4 32. gxf7+ Kxf7 33. cxd4 Nc7 34. f4 b5 35. Kf3 Kf6 36. Rg1 Rh8 1-0

[Event "Jatai Goias op"]
[Site "Jatai"]
[Date "2021.08.06"]
[Round "1"]
[White "Castro Silva, Alex"]
[Black "Braga, Marcelo Melem"]
[Result "1-0"]
[WhiteElo "1973"]
[BlackElo "1552"]
[PlyCount "33"]
[EventDate "2021.08.06"]
[EventType "swiss"]
[EventRounds "6"]
[EventCountry "BRA"]
[SourceTitle "EXT 2022"]
[Source "ChessBase"]
[SourceDate "2021.10.06"]
[SourceVersion "1"]
[SourceVersionDate "2021.10.06"]
[SourceQuality "1"]

1. e4 c6 2. d4 d5 3. Nc3 dxe4 4. Nxe4 Bf5 5. Ng3 Bg6 6. h4 h6 7. h5 Bh7 8. Nf3 Nd7 9. Bd3 Bxd3 10. Qxd3 e6 11. Qe2 Ngf6 12. Bd2 Bd6 13. Nf5 Bf8 14. 0-0-0 Qb6 15. Ne5 Nxe5 16. Qxe5 0-0-0 17. Ba5 1-0

[Event "Caldas Novas op 1st"]
[Site "Caldas Novas"]
[Date "2017.03.11"]
[Round "3"]
[White "Braga, Marcelo Melem"]
[Black "Dias, Joao Pedro da Cunha"]
[Result "0-1"]
[WhiteElo "1608"]
[BlackElo "1748"]
[PlyCount "30"]
[EventDate "2017.03.10"]
[EventType "swiss"]
[EventRounds "6"]
[EventCountry "BRA"]
[SourceTitle "CBM 177 Extra"]
[Source "ChessBase"]
[SourceDate "2017.04.27"]
[SourceVersion "1"]
[SourceVersionDate "2017.04.27"]
[SourceQuality "1"]

1. d4 Nf6 2. c4 c5 3. d5 b5 4. e3 bxc4 5. Bxc4 d6 6. Nc3 g6 7. h3 Bg7 8. Nge2 0-0 9. 0-0 Nbd7 10. b3 Rb8 11. Rb1 Ne5 12. Qc2 Bd7 13. Bb2 Qa5 14. Ne4 Nxe4 15. Qxe4 Bf5 0-1

[Event "Brasilia Terraviva op"]
[Site "Brasilia"]
[Date "2017.01.07"]
[Round "4"]
[White "Vieira, Jose Renato Braga S"]
[Black "Braga, Marcelo Melem"]
[Result "1-0"]
[WhiteElo "2016"]
[BlackElo "1615"]
[PlyCount "65"]
[EventDate "2017.01.06"]
[EventType "swiss"]
[EventRounds "6"]
[EventCountry "BRA"]
[SourceTitle "CBM 176 Extra"]
[Source "ChessBase"]
[SourceDate "2017.03.02"]
[SourceVersion "1"]
[SourceVersionDate "2017.03.02"]
[SourceQuality "1"]

1. d4 d5 2. c4 c5 3. Nf3 cxd4 4. cxd5 Qxd5 5. Nc3 Qa5 6. Nxd4 e6 7. e4 a6 8. Be2 Nf6 9. 0-0 Bb4 10. Bd2 e5 11. Rc1 0-0 12. Nb3 Qd8 13. Qc2 Nc6 14. Bg5 Be7 15. Rfd1 Nd7 16. Be3 Bg5 17. Qd2 Bxe3 18. Qxe3 Qb6 19. Qg3 Nf6 20. Rd6 Be6 21. Nd5 Bxd5 22. Rxf6 Bxe4 23. Qxe5 gxf6 24. Qxe4 Ne5 25. Rc3 Rae8 26. h4 Kh8 27. h5 Nc6 28. Qf4 Ne5 29. Nd4 Qxb2 30. Qxf6+ Kg8 31. Nf5 Qb1+ 32. Kh2 Qxf5 33. Qxf5 1-0

[Event "Brasilia Terraviva op"]
[Site "Brasilia"]
[Date "2017.01.06"]
[Round "1"]
[White "Braga, Marcelo Melem"]
[Black "Dos Santos, Haroldo Cunha Jr"]
[Result "0-1"]
[WhiteElo "1615"]
[BlackElo "2148"]
[PlyCount "50"]
[EventDate "2017.01.06"]
[EventType "swiss"]
[EventRounds "6"]
[EventCountry "BRA"]
[SourceTitle "CBM 176 Extra"]
[Source "ChessBase"]
[SourceDate "2017.03.02"]
[SourceVersion "1"]
[SourceVersionDate "2017.03.02"]
[SourceQuality "1"]

1. d4 d5 2. c4 c6 3. cxd5 cxd5 4. Nc3 Nf6 5. Bg5 Ne4 6. Bh4 g5 7. Nxe4 gxh4 8. Nc3 Nc6 9. e3 a6 10. a3 Bf5 11. h3 e6 12. Qh5 Bg6 13. Qg4 Na5 14. Qd1 Rc8 15. Qa4+ b5 16. Qd1 Bd6 17. Rc1 0-0 18. b4 Nc4 19. Bxc4 Rxc4 20. Qg4 Kh8 21. Nf3 Qc7 22. Kd2 Rc8 23. Ne2 Rc2+ 24. Ke1 Rxc1+ 25. Nxc1 Qxc1+ 0-1

[Event "BRA-ch Regional Centro Oeste"]
[Site "Brasilia"]
[Date "2016.08.12"]
[Round "2.11"]
[White "Nascimento, Pedro Henrique Alve"]
[Black "Braga, Marcelo Melem"]
[Result "1-0"]
[WhiteElo "1914"]
[BlackElo "1610"]
[PlyCount "45"]
[EventDate "2016.08.12"]
[EventType "swiss"]
[EventRounds "6"]
[EventCountry "BRA"]
[SourceTitle "EXT 2022"]
[Source "ChessBase"]
[SourceDate "2021.10.06"]
[SourceVersion "1"]
[SourceVersionDate "2021.10.06"]
[SourceQuality "1"]

1. d4 d5 2. c4 c5 3. cxd5 Qxd5 4. e3 cxd4 5. Nc3 Qa5 6. exd4 Nf6 7. Bd2 Qd8 8. Nf3 Bg4 9. Bc4 e6 10. Qa4+ Nbd7 11. Ne5 a6 12. Nxd7 Nxd7 13. d5 Bf5 14. dxe6 fxe6 15. Qd1 Ne5 16. Qe2 Nd3+ 17. Bxd3 Qxd3 18. 0-0 Qxe2 19. Nxe2 Bc5 20. Bc3 0-0 21. Bd4 Be4 22. a3 Bd3 23. b4 1-0

[Event "Brasilia Terraviva op"]
[Site "Brasilia"]
[Date "2016.04.24"]
[Round "7"]
[White "Coelho, Tatiane Cristina"]
[Black "Braga, Marcelo Melem"]
[Result "1/2-1/2"]
[WhiteElo "1797"]
[BlackElo "1651"]
[PlyCount "61"]
[EventDate "2016.04.21"]
[EventType "swiss"]
[EventRounds "7"]
[EventCountry "BRA"]
[SourceTitle "CBM 172 Extra"]
[Source "ChessBase"]
[SourceDate "2016.06.21"]
[SourceVersion "1"]
[SourceVersionDate "2016.06.21"]
[SourceQuality "1"]

1. d4 d5 2. Nf3 c5 3. c3 Nc6 4. e3 Bg4 5. Nbd2 a6 6. h3 Bxf3 7. Nxf3 e6 8. Bd3 Nf6 9. 0-0 Bd6 10. Re1 c4 11. Bb1 Ne4 12. Nd2 f5 13. a4 0-0 14. f3 Ng3 15. Nf1 Qh4 16. f4 Na5 17. Nxg3 Qxg3 18. Bc2 g5 19. Rf1 g4 20. hxg4 fxg4 21. Qe1 Qxe1 22. Rxe1 b5 23. axb5 axb5 24. Kf2 Kg7 25. Rh1 Rh8 26. e4 b4 27. Bd2 b3 28. Bd1 h5 29. e5 Bc7 30. Be2 Kg6 31. g3 1/2-1/2

[Event "Brasilia Terraviva op"]
[Site "Brasilia"]
[Date "2016.04.21"]
[Round "1"]
[White "Braga, Marcelo Melem"]
[Black "Dos Santos, Haroldo Cunha Jr"]
[Result "0-1"]
[WhiteElo "1651"]
[BlackElo "2132"]
[PlyCount "58"]
[EventDate "2016.04.21"]
[EventType "swiss"]
[EventRounds "7"]
[EventCountry "BRA"]
[SourceTitle "CBM 172 Extra"]
[Source "ChessBase"]
[SourceDate "2016.06.21"]
[SourceVersion "1"]
[SourceVersionDate "2016.06.21"]
[SourceQuality "1"]

1. d4 d5 2. c4 c6 3. Nc3 Nf6 4. Bg5 Ne4 5. Bh4 Nxc3 6. bxc3 dxc4 7. e3 b5 8. Nf3 Qd5 9. Be2 Bf5 10. 0-0 Nd7 11. Bg3 h6 12. Ne5 Nxe5 13. Bxe5 e6 14. Bf3 Be4 15. Bxe4 Qxe4 16. a4 a6 17. Qd2 f6 18. Bg3 Be7 19. Rfb1 Kf7 20. f3 Qd5 21. e4 Qd7 22. d5 cxd5 23. exd5 exd5 24. axb5 axb5 25. Qb2 d4 26. Rxa8 Rxa8 27. Qxb5 Qxb5 28. Rxb5 Ra1+ 29. Kf2 dxc3 0-1

[Event "Goiania Goias Cup"]
[Site "Goiania"]
[Date "2015.09.27"]
[Round "6"]
[White "Braga, Marcelo Melem"]
[Black "Da Silva, Joao Carlos Orguim"]
[Result "0-1"]
[WhiteElo "1664"]
[BlackElo "1820"]
[PlyCount "92"]
[EventDate "2015.09.25"]
[EventType "swiss"]
[EventRounds "6"]
[EventCountry "BRA"]
[SourceTitle "EXT 2016"]
[Source "ChessBase"]
[SourceDate "2015.10.08"]
[SourceVersion "1"]
[SourceVersionDate "2015.10.08"]
[SourceQuality "1"]

1. d4 Nf6 2. c4 d5 3. Nc3 c6 4. Bg5 Nbd7 5. e3 h6 6. Bh4 e6 7. a3 dxc4 8. Bxc4 b5 9. Bb3 a5 10. Nf3 a4 11. Bc2 Be7 12. 0-0 Bb7 13. Re1 Qb6 14. Bd3 Nd5 15. Nxd5 cxd5 16. Bxe7 Kxe7 17. Rc1 Rhc8 18. Qd2 Qa5 19. Qxa5 Rxa5 20. Rxc8 Bxc8 21. Rc1 Kd8 22. Ne1 Nb6 23. Nc2 Nc4 24. Nb4 Bb7 25. Rc2 Kc7 26. f3 Kb6 27. Kf2 f5 28. e4 fxe4 29. fxe4 Ra8 30. Bxc4 bxc4 31. exd5 Bxd5 32. Ke3 Rf8 33. Rf2 Rxf2 34. Kxf2 c3 35. bxc3 Kb5 36. g3 Kc4 37. Ke3 Kxc3 38. h4 Kb3 39. Nd3 Kxa3 40. Nc5 Kb4 41. Nxa4 Kxa4 42. Kf4 Kb4 43. g4 Kc4 44. Ke5 Kd3 45. g5 hxg5 46. hxg5 Ke3 0-1

[Event "Goiania Goias Cup"]
[Site "Goiania"]
[Date "2015.09.27"]
[Round "5"]
[White "Olivo, Anibal Ribeiro"]
[Black "Braga, Marcelo Melem"]
[Result "0-1"]
[WhiteElo "1599"]
[BlackElo "1664"]
[PlyCount "88"]
[EventDate "2015.09.25"]
[EventType "swiss"]
[EventRounds "6"]
[EventCountry "BRA"]
[SourceTitle "EXT 2016"]
[Source "ChessBase"]
[SourceDate "2015.10.08"]
[SourceVersion "1"]
[SourceVersionDate "2015.10.08"]
[SourceQuality "1"]

1. e4 c6 2. d4 d5 3. Nc3 dxe4 4. Nxe4 Bf5 5. Ng3 Bg6 6. h4 h6 7. Nf3 Nd7 8. h5 Bh7 9. Bd3 Bxd3 10. Qxd3 e6 11. Bd2 Ngf6 12. 0-0-0 Qb6 13. Rhe1 Nd5 14. Nf5 Qc7 15. g3 a6 16. N3h4 0-0-0 17. Ne3 Nb4 18. Qb3 Nd5 19. Nc4 b5 20. Ne3 N7f6 21. a4 Ne4 22. Nxd5 Nxd2 23. Rxd2 Rxd5 24. c4 bxa4 25. Qa2 Rxh5 26. Nf3 Bb4 27. c5 Re8 28. Ree2 Bxd2+ 29. Rxd2 Qa5 30. Rd3 Rf5 31. Kc2 Qb5 32. Qa3 e5 33. Nxe5 Rxf2+ 34. Kb1 Rf5 35. Kc2 Kc7 36. Nf3 f6 37. Qa2 Rd8 38. Nd2 Rxc5+ 39. Rc3 Rxd4 40. Qf7+ Rd7 41. Qf8 Qd3+ 42. Kc1 Qxd2+ 43. Kb1 Rxc3 44. Qa8 Rc2 0-1

[Event "BRA-ch Amateur"]
[Site "Sao Paulo"]
[Date "2014.03.03"]
[Round "5"]
[White "Aoyama, Edmundo"]
[Black "Braga, Marcelo Melem"]
[Result "1-0"]
[WhiteElo "1917"]
[BlackElo "1687"]
[PlyCount "59"]
[EventDate "2014.03.01"]
[EventType "swiss"]
[EventRounds "7"]
[EventCountry "BRA"]
[SourceTitle "EXT 2016"]
[Source "ChessBase"]
[SourceDate "2015.10.08"]
[SourceVersion "1"]
[SourceVersionDate "2015.10.08"]
[SourceQuality "1"]

1. Nf3 d5 2. g3 c5 3. Bg2 Nc6 4. d4 Bg4 5. c3 Bxf3 6. Bxf3 e6 7. 0-0 Qb6 8. dxc5 Bxc5 9. Nd2 Nf6 10. e4 Rd8 11. exd5 Nxd5 12. Qe2 0-0 13. Ne4 Be7 14. Ng5 h6 15. Nxe6 fxe6 16. Qxe6+ Kh8 17. Bxd5 Bc5 18. Kg2 Rfe8 19. Qf7 Ne5 20. Qxb7 Qf6 21. Be4 Ng4 22. f3 Rf8 23. Bf4 Ne3+ 24. Bxe3 Bxe3 25. Qb3 Qe5 26. Rad1 Rb8 27. Qc2 Qb5 28. b3 Rfd8 29. Rxd8+ Rxd8 30. Rd1 1-0

[Event "BRA-ch Amateur"]
[Site "Sao Paulo"]
[Date "2014.03.03"]
[Round "6"]
[White "Torrezani, Eduardo de Moraes"]
[Black "Braga, Marcelo Melem"]
[Result "1/2-1/2"]
[WhiteElo "1997"]
[BlackElo "1687"]
[PlyCount "58"]
[EventDate "2014.03.01"]
[EventType "swiss"]
[EventRounds "7"]
[EventCountry "BRA"]
[SourceTitle "EXT 2016"]
[Source "ChessBase"]
[SourceDate "2015.10.08"]
[SourceVersion "1"]
[SourceVersionDate "2015.10.08"]
[SourceQuality "1"]

1. d4 d5 2. c4 c5 3. dxc5 d4 4. Nf3 Nc6 5. Bf4 e6 6. e3 Bxc5 7. exd4 Nxd4 8. Nc3 a6 9. Nxd4 Qxd4 10. Qxd4 Bxd4 11. Bd2 Ne7 12. f3 0-0 13. 0-0-0 e5 14. Bd3 Be6 15. Ne2 Nc6 16. Nxd4 Nxd4 17. Rhe1 Rac8 18. Rxe5 Bxc4 19. Bxc4 Rxc4+ 20. Kb1 Ne6 21. Rc1 Rd4 22. Bc3 Rd3 23. Re2 Rc8 24. Be5 Rcd8 25. Rec2 f6 26. Bg3 Nd4 27. Rc8 Rxc8 28. Rxc8+ Kf7 29. Kc1 Ne2+ 1/2-1/2

[Event "BRA-ch Amateur"]
[Site "Sao Paulo"]
[Date "2014.03.01"]
[Round "1"]
[White "Gazola, Vanessa Ramos"]
[Black "Braga, Marcelo Melem"]
[Result "1-0"]
[WhiteElo "1999"]
[BlackElo "1687"]
[PlyCount "47"]
[EventDate "2014.03.01"]
[EventType "swiss"]
[EventRounds "7"]
[EventCountry "BRA"]
[SourceTitle "EXT 2016"]
[Source "ChessBase"]
[SourceDate "2015.10.08"]
[SourceVersion "1"]
[SourceVersionDate "2015.10.08"]
[SourceQuality "1"]

1. d4 d5 2. c4 c5 3. cxd5 Qxd5 4. Nf3 cxd4 5. Nc3 Qc5 6. Nxd4 Bg4 7. Nb3 Qe5 8. Qd5 Nc6 9. e4 a6 10. Qxe5 Nxe5 11. Nc5 e6 12. Nxb7 Bb4 13. a3 Bxc3+ 14. bxc3 Nd7 15. f3 Bh5 16. a4 Ne7 17. Ba3 Nc8 18. Be2 Ra7 19. Rb1 Ndb6 20. Nd6+ Kd7 21. Nxc8 Nxc8 22. 0-0 Kc6 23. Rfd1 g5 24. Rd4 1-0